[Event "Asian Zonal 3.3 2019"]
[Site "Ulaanbaatar"]
[Date "2019.04.15"]
[Round "9.16"]
[White "Baasansuren, Erdene"]
[Black "Altanbayar, Tserenpeljee"]
[Result "1/2-1/2"]
[WhiteElo "2199"]
[BlackElo "2060"]
[Annotator "TA"]
[PlyCount "96"]
[EventDate "2019.04.07"]
[EventType "swiss"]
[EventRounds "9"]
[EventCountry "MGL"]
[SourceTitle "playchess.com"]
[Source "ChessBase"]
[SourceQuality "1"]

{[%evp 14,96,36,-2,47,43,44,44,58,66,120,118,128,119,127,122,124,122,110,107,150,120,122,126,123,125,159,166,158,162,146,154,171,156,169,170,210,208,206,202,201,162,166,117,120,128,119,112,149,92,66,16,24,0,49,44,60,43,112,112,104,95,135,75,74,0,3,0,0,0,0,0,8,8,8,0,0,0,0,0,8,8,64,8,8]} 1. Nf3 Nf6 2. c4 e6 3. b3 d5 4. Bb2 Be7 5. g3 O-O 6. Bg2 c5 7. O-O Nc6 8. e3 Ne4 {A14: English Opening: 1...e6 with b3 by White} (8... b6 9. Nc3 dxc4 10. bxc4 Bb7 11. Qe2 Rc8 12. Rad1 Qc7 13. Ne1 Ne8 14. f4 Nd6 15. Nf3 a6 16. a4 f5 17. d3 Bf6 18. h3 Nb4 19. g4 g6 {1-0 (31) Artemiev,V (2709)-Nakamura,H (2749) Caleta 2019}) 9. Qe2 Bf6 10. d4 b6 {White is slightly better.} 11. Rd1 a5 $146 (11... Bb7 $14) ({Predecessor:} 11... Ba6 12. Na3 Qc8 13. Rac1 Nb4 14. Ba1 Rd8 15. Ne5 Bb7 16. f3 {0-1 (48) Perez Ordonez,J (2066)-Tarrio Ocana,J (1866) San Sebastian 2017}) 12. Ne5 $16 Bb7 13. cxd5 exd5 14. Nxc6 Bxc6 {[#]} 15. dxc5 $1 Nxc5 16. Nc3 Ra7 17. Nxd5 Bxb2 18. Qxb2 Rd7 {[%cal Rc6d5]} 19. Ne7+ {[%mdl 64] Discovered Attack} Kh8 20. Rxd7 Bxd7 21. Nd5 Be6 22. Rd1 Qd6 23. Qd4 Rc8 24. Nf4 Qxd4 25. exd4 Rd8 26. Bf3 Na6 27. Rc1 Bd7 28. Bb7 Nb4 29. a3 g5 30. Ne2 Nd3 {[#]} 31. Rd1 ({Better is} 31. Rc7 $1) 31... Bf5 32. Ba6 Ne5 33. Bb7 Bg4 34. Kf1 Kg7 35. Bg2 Bf3 (35... Nf3 $14) 36. Bxf3 Nxf3 {[%mdl 4096] Endgame KRN-KRN} 37. h3 h5 38. Rd3 (38. Kg2 $142 g4 39. d5) 38... g4 39. Nf4 (39. d5 $16) 39... Rxd4 $11 40. Nxh5+ Kh6 41. Rxd4 Nxd4 42. hxg4 {KN-KN} Kg5 43. Nf4 Kxg4 44. a4 Nxb3 45. Nd5 Kf3 46. Nxb6 Nc5 47. Nc4 f5 (47... Nxa4 $11 48. Nxa5 Nb6) 48. Nxa5 (48. Nd2+ $1 $14 Kg4 49. Kg2) 48... f4 {Accuracy: White = 66%, Black = 46%.} 1/2-1/2

[Event "Asian Zonal 3.3 2019"]
[Site "Ulaanbaatar"]
[Date "2019.04.15"]
[Round "9.17"]
[White "Surya, Wahyudi"]
[Black "Anand, Batsukh"]
[Result "1-0"]
[WhiteElo "2197"]
[BlackElo "1771"]
[Annotator "TA"]
[PlyCount "73"]
[EventDate "2019.04.07"]
[EventType "swiss"]
[EventRounds "9"]
[EventCountry "MGL"]
[SourceTitle "playchess.com"]
[Source "ChessBase"]
[SourceQuality "1"]

{[%evp 26,73,14,17,35,22,55,-4,-3,-3,0,2,2,-39,8,5,10,-25,-20,-32,0,-18,0,0,0,0,0,0,0,0,0,0,0,0,463,441,441,68,583,583,583,583,545,48,48,48,577,577,577,574]} 1. c4 Nf6 2. Nc3 g6 3. d4 Bg7 4. e4 d6 5. Nf3 O-O 6. Be2 e5 7. O-O Nc6 8. d5 Ne7 9. b4 Nd7 10. c5 dxc5 {E97: King's Indian: Classical Main Line (6...e5 7 0-0 Nc6): 8 Be3 and 8 d5 Ne7, not 9 Ne1} 11. bxc5 Nxc5 12. Ba3 b6 13. Bxc5 (13. Nd2 f5 14. Bxc5 bxc5 15. Qb3 Kh8 16. Qc4 c6 17. Qxc5 cxd5 18. Nxd5 Nxd5 19. exd5 {1-0 (28) Eljanov,P (2641)-Beliavsky,A (2630) Warsaw 2005 CBM 108 [Mikhalevski,V]}) 13... bxc5 14. Na4 {LiveBook: 3 Games} c4 $146 ({Predecessor:} 14... f5 15. Nxc5 fxe4 16. Ng5 Qxd5 17. Qc2 Kh8 18. Rfd1 {1-0 (44) Zagorskis,D (2515)-Pedersen,S (2415) Copenhagen 1998}) 15. Bxc4 Qd6 16. Qc2 (16. Rc1 $14) 16... c6 {[%cal Rc6d5]} 17. Nc3 cxd5 18. Nxd5 Bg4 19. Qa4 Nxd5 20. Bxd5 Rac8 21. Qxa7 Bxf3 22. gxf3 Rc3 23. Rab1 Qf6 24. Rb3 Rxb3 25. axb3 Bh6 26. Qd7 Qxf3 27. b4 Bf4 28. b5 {Black must now prevent b6.} h5 29. b6 g5 $2 {[%mdl 8192]} (29... Kg7 $11 {and Black stays safe.}) 30. b7 g4 {( -> ...Qh3)} 31. b8=Q $2 (31. Qe7 $18 {White wants to mate with Bxf7+!} Qh3 32. Bxf7+ $1 {[%mdl 512]} Kg7 33. Bxh5+ Kg8 34. Bf7+ $1 {[%mdl 512]} (34. Qxf8+ Kxf8 35. b8=Q+ Kg7 $11) 34... Kg7 35. Be6+ Kg6 36. Bf5+ Rxf5 37. exf5+ Kxf5 38. Qf7+ Kg5 39. Qxf4+ $3 {[%mdl 512]} Kxf4 40. b8=Q) 31... Rxb8 $4 {[%mdl 8192]} (31... Bxh2+ $1 $14 32. Kxh2 Rxb8) 32. Qxf7+ $18 Kh8 33. Qxh5+ Kg7 {[#]} 34. Ra1 $2 (34. Qf7+ $1 $18 Kh6 35. Qf6+ Kh7 36. Qe7+ Kh8 37. Qh4+ Kg7 38. Ra1) 34... Be3 $1 $14 35. Qxe5+ Kg6 $2 {[%mdl 8192] [#]} (35... Kh6 $1 $14 36. Qe6+ (36. fxe3 Qxe3+ 37. Kh1 Qf3+ 38. Kg1 Qe3+ 39. Kg2 Qf3+ 40. Kg1 Qe3+ $11) 36... Kg5 37. Qe7+ (37. fxe3 Qxe3+ 38. Kh1 Qf3+ 39. Kg1 Qe3+ 40. Kh1 Qf3+ 41. Kg1 Qe3+ $11) 37... Kg6 38. Bf7+ (38. fxe3 Qxe3+ 39. Kf1 Qf3+ 40. Kg1 Qe3+ 41. Kf1 Qf3+ 42. Kg1 Qe3+ $11) 38... Qxf7 39. Qxf7+ Kxf7) 36. Qf5+ $1 $18 Qxf5 37. exf5+ {Precision: White = 46%, Black = 38%.} 1-0

[Event "Asian Zonal 3.3 2019"]
[Site "Ulaanbaatar"]
[Date "2019.04.15"]
[Round "9.18"]
[White "Boldoo, Erdenepurev"]
[Black "Amgalantengis, Enkh-Amgalan"]
[Result "1-0"]
[WhiteElo "2334"]
[BlackElo "1832"]
[Annotator "TA"]
[PlyCount "65"]
[EventDate "2019.04.07"]
[EventType "swiss"]
[EventRounds "9"]
[EventCountry "MGL"]
[SourceTitle "playchess.com"]
[Source "ChessBase"]
[SourceQuality "1"]

{[%evp 20,65,27,21,36,30,29,32,46,17,54,45,53,34,40,35,41,31,40,34,123,0,0,0,0,-11,0,-39,-33,-39,-8,-31,-36,-40,0,0,-8,-20,0,-29,-28,-50,-21,-43,-14,-28,172,168]} 1. d4 d5 2. c4 c6 3. Nc3 Nf6 4. e3 Bf5 5. cxd5 cxd5 6. Qb3 Bc8 7. Nf3 e6 8. Bd3 Nc6 {D10: Slav Defence: 3 cxd5 (without early Nf3) and 3 Nc3} 9. O-O Be7 10. Bd2 O-O 11. Rfc1 {LiveBook: 9 Games} Na5 12. Qd1 Bd7 13. Ne5 Nc6 $146 ({Predecessor:} 13... Be8 14. Be1 Nd7 15. Nf3 f5 16. Nd2 {1-0 (41) Kempinski,R (2587)-Papahristou,N (2031) Thessaloniki 2007}) 14. f4 Qb6 15. Qe2 Nb4 16. Bb1 Nc6 17. Be1 Rfc8 18. Bh4 Be8 $1 19. Rf1 g6 {[#]} ({Black should play} 19... Nd7 $14 20. Bxe7 Nxe7) 20. Rf3 (20. f5 $1 $16 {[%mdl 512] Strongly threatening Nxc6.} Ne4 (20... exf5 21. Bxf5) 21. fxe6 Nxc3 22. exf7+ Bxf7 23. bxc3 Bxh4 24. Nxf7) 20... Ne4 $11 21. Bxe4 {[%cal Bb1e4,Be4f3,Bf3g4][%mdl 32]} Bxh4 22. Rh3 Bf6 23. Bf3 Bg7 24. Rf1 Ne7 25. Qf2 h5 26. g4 f6 27. Nd3 {[%cal Rg4h5]} hxg4 28. Bxg4 Bf7 29. Qh4 Kf8 30. Nc5 {Nd7+ is the strong threat.} Rc7 31. Qf2 Rac8 32. Rg3 Qd6 $2 (32... Qc6 $11) 33. Nb5 $1 {[%csl LRa7,LRc7,LRd6][%mdl 64] Double Attack. Accuracy: White = 44%, Black = 40%.} 1-0

[Event "Asian Zonal 3.3 2019"]
[Site "Ulaanbaatar"]
[Date "2019.04.15"]
[Round "9.19"]
[White "Gerelt-Od, Boldbaatar"]
[Black "Tengis, Tsog-Ochir"]
[Result "1/2-1/2"]
[WhiteElo "1484"]
[BlackElo "2207"]
[Annotator "TA"]
[PlyCount "120"]
[EventDate "2019.04.07"]
[EventType "swiss"]
[EventRounds "9"]
[EventCountry "MGL"]
[SourceTitle "playchess.com"]
[Source "ChessBase"]
[SourceQuality "1"]

{[%evp 11,120,0,34,18,50,33,36,19,37,0,44,38,47,39,53,58,54,31,54,23,64,34,134,62,62,32,44,43,40,39,100,-65,53,34,38,25,22,33,195,179,327,341,329,334,336,325,348,329,332,343,306,292,316,206,195,0,0,0,0,0,0,0,316,314,304,298,256,0,199,0,38,0,0,0,228,228,228,228,228,228,214,212,760,760,752,752,752,745,745,745,738,738,738,738,2808,2800,6425,5820,5377,5093,890,683,655,645,566,452,507,0,0,0,0]} 1. e4 e5 2. Nf3 Nc6 3. Bc4 Bc5 4. c3 Nf6 5. d3 O-O 6. Bg5 d6 (6... h6 {with more complications.} 7. Bh4 Be7 8. O-O d6 9. b4 Nh5) 7. Nbd2 {C54: Giuoco Piano: 4 c3 Nf6, main lines with 5 d4 and 5 d3} Be6 (7... h6 8. Bh4 g5 9. Nxg5 hxg5 10. Bxg5 Kg7 11. Qf3 Be6 12. b4 Bb6 13. Bd5 a5 14. b5 Nb8 15. Bxb7 {½-½ (53) Carlsen,M (2840)-Karjakin,S (2785) Wijk aan Zee 2017}) 8. Bxe6 fxe6 9. O-O {White is slightly better.} h6 10. Bh4 Qd7 $146 ({Predecessor:} 10... a6 11. Qb3 Qc8 12. Rfe1 b5 13. Qc2 Ne7 14. d4 exd4 15. cxd4 {1-0 (28) Revitt,I (102)-Langmaid,K (114) Llandudno 2017}) 11. b4 Bb6 12. Nc4 a5 13. Nxb6 cxb6 14. a3 Qf7 15. Bg3 g5 16. Nd2 h5 (16... axb4 $14 17. axb4 b5) 17. h3 ({White should try} 17. h4 $16) 17... h4 18. Bh2 $1 axb4 19. axb4 Rxa1 20. Qxa1 g4 (20... b5 $1 $14) 21. Nc4 $2 (21. b5 $16 Ne7 22. Kh1) 21... Qg6 (21... gxh3 $1 $15 22. Qd1 (22. Nxd6 $2 Qg7 $19) 22... Qg6) 22. Kh1 (22. Nxd6 $2 gxh3 23. g3 Ng4 $19) 22... gxh3 23. gxh3 Nxe4 $1 24. Qe1 Ng5 $2 ({Better is} 24... Nxf2+ $14 25. Rxf2 Rxf2 26. Qxf2 {[%mdl 64] Double Attack} Qxd3 27. Nxb6 Qxc3) 25. Rg1 $36 {[%mdl 2048] Keeping Black busy.} Kh7 (25... Qxd3 {might work better.} 26. Rxg5+ Kf7) 26. Qe3 (26. Nxd6 Qh5 $16) 26... Rf3 27. Rxg5 Rxe3 28. Rxg6 Rxd3 29. Rxe6 Rxc3 30. Nxd6 Rxh3 31. Nxb7 Nd4 32. Re7+ (32. Rxe5 Rxh2+ 33. Kxh2 Nf3+ 34. Kh3 Nxe5 $14) 32... Kg6 33. Kg2 $2 (33. Rxe5 Rxh2+ 34. Kxh2 Nf3+ 35. Kh3 Nxe5 $11) (33. Nd6 $18) 33... Rd3 $11 {( -> ...h3+)} 34. f3 ({Much worse is} 34. Rxe5 h3+ 35. Kf1 Nf3 $17) 34... Nxf3 35. Bxe5 {Strongly threatening Bf4.} h3+ 36. Kf2 Kf5 $2 {[%mdl 8192]} (36... Nxe5 $11 {and Black stays safe.} 37. Rxe5 Rd2+ 38. Kg1 Rd7) 37. Nd6+ $18 Kg6 38. Rg7+ $1 Kh5 39. Bg3 $2 (39. Bf4 $18 {White wants to mate with Ne4.} Nd4 40. Be3) 39... h2 $2 {[#]} (39... Ng5 $1 $11 40. Be5 h2 41. Bxh2 (41. Kg2 Rd2+ 42. Kh1 Nf3 $11) 41... Rd2+ 42. Ke3 Rxh2) 40. Ra7 $2 ({White must play} 40. Ne4 $1 $18 h1=N+ 41. Ke2) 40... Kg4 41. Bxh2 (41. Rh7 {looks sharper.} Rd2+ 42. Ke3 Rb2 43. Rg7+ Kh3 44. Bxh2 Nxh2 45. b5) 41... Nxh2 $14 {[%mdl 4096] Endgame KRN-KRN} 42. Nc4 {Hoping for Ne5+.} Nf3 $2 (42... Rb3 $11 {and Black is okay.}) 43. Ne3+ $18 ({Not} 43. Nxb6 Rb3 $14) 43... Kf4 {And now ...Rd2+ would win.} 44. Rf7+ Ke4 45. Rxf3 {KRN-KR} Rd2+ {[#]} 46. Ke1 $1 {[%cal Re1d2]} Rb2 $2 (46... Rh2) 47. Rh3 Kd4 48. Kd1 Rf2 49. Nc2+ Kc4 50. Kc1 Kb5 51. Kb2 Rf8 52. Kb3 Rd8 53. Na3+ Ka6 54. Nc4 b5 55. Rh6+ Ka7 56. Ne5 Kb7 57. Kc3 Kc7 58. Rh7+ Kc8 59. Nc6 $2 (59. Nd3 $18) 59... Rd3+ $1 $11 60. Kc2 {Na7+ would kill now.} Rd2+ {Accuracy: White = 55%, Black = 26%.} 1/2-1/2

[Event "Asian Zonal 3.3 2019"]
[Site "Ulaanbaatar"]
[Date "2019.04.15"]
[Round "9.20"]
[White "Erkhes, Bayartnar"]
[Black "Khin, Than"]
[Result "1/2-1/2"]
[WhiteElo "1778"]
[BlackElo "2203"]
[Annotator "TA"]
[PlyCount "119"]
[EventDate "2019.04.07"]
[EventType "swiss"]
[EventRounds "9"]
[EventCountry "MGL"]
[SourceTitle "playchess.com"]
[Source "ChessBase"]
[SourceQuality "1"]

{[%evp 21,119,27,44,0,0,0,6,-15,17,13,14,14,8,8,16,0,0,0,0,0,5,0,0,0,4,4,4,0,0,4,17,8,7,12,25,25,40,47,39,-32,-27,-23,-2,0,0,0,0,0,19,1,2,0,0,0,6,6,34,35,27,12,97,97,104,97,97,97,97,97,97,66,97,97,97,97,97,97,97,97,97,0,97,0,97,0,97,97,97,97,97,0,97,0,97,97,97,97,97,0,97,0]} 1. e4 e6 2. d4 d5 3. Nd2 c5 4. Ngf3 cxd4 5. exd5 Qxd5 6. Bc4 Qd6 7. O-O Nf6 8. Nb3 Nc6 9. Nbxd4 Nxd4 10. Nxd4 a6 11. Re1 Qc7 12. Bf1 {C07: French Tarrasch: 3...c5, 4 Ngf3 and 4 exd5 Qxd5} Be7 13. c3 (13. Qf3 O-O 14. Bf4 Bd6 15. Bxd6 Qxd6 16. Rad1 Qc7 17. c4 Rb8 18. Qg3 Qxg3 19. hxg3 Bd7 {½-½ (61) Karjakin,S (2773)-Duda,J (2737) chess.com INT 2018}) 13... O-O 14. Qf3 {[#] The position is equal.} Rd8 $146 (14... Bd6 {with more complications.} 15. h3 e5 16. Nb3 Be6 17. Bg5 Nd7) ({Predecessor:} 14... Bd6 15. g3 e5 16. Nb3 Bg4 17. Qd3 h6 18. Bg2 Rad8 19. Be3 Be7 {½-½ (57) Beerdsen,T (2404)-Werle,J (2555) Hoogeveen 2016}) 15. Bf4 Bd6 16. Bxd6 Qxd6 17. Rad1 Qb6 18. Qg3 Bd7 19. b3 Rac8 20. c4 Be8 21. Qc3 h6 22. a3 a5 23. Qb2 Qc7 24. h3 b6 25. Nf3 Bc6 26. Ne5 Bb7 27. b4 axb4 (27... Be4 {feels hotter.} 28. Be2 Kf8 29. Rxd8+ Rxd8 30. Rd1 Rxd1+ 31. Bxd1 axb4 32. axb4 Nd7) 28. axb4 Nd7 29. Nxd7 Rxd7 30. c5 (30. Rxd7 $14 Qxd7 31. Ra1) 30... bxc5 $15 31. bxc5 Re7 32. Rc1 Qa5 33. Qb6 Qxb6 34. cxb6 {[#] Rxc8+ is the strong threat.} Rb8 35. Rb1 Rd7 36. Rec1 Rd6 37. Rb4 g5 38. Be2 Kg7 39. Rc7 $36 {[%mdl 2048] aiming for Bh5. White has good play.} Kg6 $1 40. h4 Bxg2 (40... gxh4 $11 41. Rg4+ (41. Rxh4 Rxb6 42. Rg4+ Kf6 $11) 41... Kf6) 41. Kxg2 $16 Rdxb6 42. Rxb6 (42. Rd4 {is interesting.} R8b7 43. Bd3+ Kf6 44. Rc8 Ke5 45. Rdd8) 42... Rxb6 $11 {[%mdl 4096] Endgame KRB-KR} 43. h5+ Kf6 44. Rc8 Rb4 45. Bd3 Kg7 46. Rc7 Rd4 47. Bg6 Rf4 48. Kg3 Kg8 49. Rc8+ Kg7 50. Rc7 ({Better is} 50. Bd3 $16) 50... Kf8 (50... Kg8 $1 $11 {remains equal.}) 51. Rc8+ (51. Bd3 $16) 51... Ke7 (51... Kg7 $1 $11 52. Rc7) 52. Rc7+ (52. Bd3 $16) 52... Ke8 (52... Kf8 $1 $11) 53. Bc2 Kf8 54. Rc8+ Kg7 55. Rc7 (55. Bd3 $16) 55... Kf6 (55... Kf8 $1 $11) 56. Rc8 (56. Bd1 $16) 56... Rh4 {[#]} (56... Kg7 $1 $11) 57. Bd1 $1 $16 Kg7 58. Rc7 Rf4 59. Bc2 ({White should play} 59. Bb3 $16) 59... Kg8 (59... Kf8 $11 {keeps the balance.}) 60. Rc8+ {Accuracy: White = 43%, Black = 49%.} (60. Ra7 $16) 1/2-1/2

[Event "Asian Zonal 3.3 2019"]
[Site "Ulaanbaatar"]
[Date "2019.04.15"]
[Round "9.21"]
[White "Chuluun, Gonchigdorj"]
[Black "Byambaa, Zulzaga"]
[Result "0-1"]
[WhiteElo "1982"]
[BlackElo "2168"]
[Annotator "TA"]
[PlyCount "60"]
[EventDate "2019.04.07"]
[EventType "swiss"]
[EventRounds "9"]
[EventCountry "MGL"]
[SourceTitle "playchess.com"]
[Source "ChessBase"]
[SourceQuality "1"]

{[%evp 9,60,-124,-80,-81,-49,-44,-46,-75,-59,-52,-42,-56,-55,-62,-59,-63,-50,-92,-91,-102,-93,-170,-177,-191,-192,-329,-337,-365,-360,-627,-614,-609,-614,-690,-594,-850,-846,-1275,-589,-635,-501,-479,-491,-490,-483,-599,-383,-641,-470,-610,-533,-1717,-1612]} 1. b3 e5 2. g3 (2. Bb2 Nc6 3. e3 Nf6 4. Bb5 Bd6 5. Na3 Na5 6. Be2 a6 7. c4 O-O 8. Nb1 Re8 9. Nc3 Nc6 10. d3 Bf8 11. Nf3 d5 12. cxd5 Nxd5 13. O-O Nxc3 14. Bxc3 {1-0 (66) Karjakin,S (2753)-Riazantsev,A (2649) St Petersburg 2018}) 2... d5 3. Nf3 e4 4. Nh4 $146 ({Predecessor:} 4. Nd4 c5 5. Nc3 cxd4 6. Nb1 Nc6 7. h4 Nf6 8. Bb2 e3 9. dxe3 dxe3 10. fxe3 Bb4+ 11. Nd2 Qe7 12. a4 Qxe3 13. c3 Qxg3# {0-1 (13) Gorlevsky,A-Roy Laguens,A (1947) ICCF email 2011}) 4... Nf6 5. d4 h6 6. Ng2 {A01: Nimzowitsch-Larsen Opening} Bb4+ 7. c3 Be7 8. h4 {Black is slightly better.} O-O 9. Ba3 b6 10. Bxe7 Qxe7 11. e3 c5 $36 {[%mdl 2048] Black has some pressure.} 12. Be2 g5 13. hxg5 hxg5 14. Nd2 Nc6 15. Rc1 (15. Qc2 $17 {keeps fighting.}) 15... Be6 16. Nf1 {[#]} Kg7 $1 17. Nh2 (17. Rg1 $142) 17... Rh8 $19 18. Kd2 Rh6 19. f4 $2 (19. Bb5 Qd6 20. Be2) 19... exf3 20. Bxf3 Rah8 21. Qg1 g4 22. Be2 Ne4+ {[%mdl 64] Double Attack} 23. Kc2 Nxg3 (23... cxd4 $142 24. exd4 Qa3) 24. Nf4 Nxh1 25. Nxg4 {[#]} Rg6 $1 26. Nxg6 fxg6 27. Qg2 Qg5 {...cxd4 is the strong threat.} 28. Rg1 $2 (28. Rxh1 Bf5+ 29. Kb2) 28... Rh4 {Black is clearly winning.} 29. Kd2 Bxg4 30. Bb5 cxd4 {Accuracy: White = 26%, Black = 59%.} 0-1

[Event "Asian Zonal 3.3 2019"]
[Site "Ulaanbaatar"]
[Date "2019.04.15"]
[Round "9.22"]
[White "Erkhembayar, Tserentsoodol"]
[Black "Khuslen, Altan-Ochir"]
[Result "0-1"]
[WhiteElo "1757"]
[BlackElo "1927"]
[Annotator "NA RC"]
[PlyCount "96"]
[EventDate "2019.04.07"]
[EventType "swiss"]
[EventRounds "9"]
[EventCountry "MGL"]
[SourceTitle "playchess.com"]
[Source "ChessBase"]
[SourceQuality "1"]
[TimeControl "40/5400+30:1800+30"]

1. c4 c5 2. g3 Nc6 3. Bg2 g6 4. Nc3 Bg7 5. a3 e6 6. d3 Nge7 7. e4 O-O 8. Nge2 b6 9. O-O Bb7 10. Rb1 Nd4 11. Be3 d5 12. exd5 Nxe2+ 13. Nxe2 exd5 14. Bf4 Qc8 15. Bd6 Re8 16. Bxe7 Rxe7 17. cxd5 Rd7 18. Qb3 Qd8 19. Nf4 Be5 20. Ne6 fxe6 21. dxe6 Bd5 22. Bxd5 Rxd5 23. Rbe1 Qd6 24. Re3 Re8 25. Rfe1 Kh8 26. Rxe5 Rxe5 27. Qc3 R8xe6 28. f4 Qxd3 29. fxe5 Qxc3 30. bxc3 Kg7 31. Kf2 Kf7 32. Kf3 Re8 33. Ke4 Rd8 34. h4 Rd2 35. h5 Ke6 36. hxg6 hxg6 37. Re3 g5 38. Kf3 Kf5 39. Re1 Rd3+ 40. Ke2 Rxc3 41. Kd2 Rc4 42. e6 Rd4+ 43. Kc3 Rd8 44. Kc4 Kf6 45. g4 Ke7 46. Kb5 Rd4 47. Ka6 Ra4+ 48. Kb7 Rxa3 0-1

[Event "Asian Zonal 3.3 2019"]
[Site "Ulaanbaatar"]
[Date "2019.04.15"]
[Round "9.23"]
[White "Danzanjunai, Ganbat"]
[Black "Amgalanbaatar, Ravdanlkhumbuu"]
[Result "1/2-1/2"]
[WhiteElo "1608"]
[BlackElo "2081"]
[Annotator "NA RC"]
[PlyCount "39"]
[EventDate "2019.04.07"]
[EventType "swiss"]
[EventRounds "9"]
[EventCountry "MGL"]
[SourceTitle "playchess.com"]
[Source "ChessBase"]
[SourceQuality "1"]
[TimeControl "40/5400+30:1800+30"]

1. d4 d5 2. Bf4 Nf6 3. e3 e6 4. Nd2 c5 5. c3 Nc6 6. Ngf3 Bd6 7. Bg3 O-O 8. Bd3 Qe7 9. Ne5 Nd7 10. Nxd7 Bxd7 11. Bxd6 Qxd6 12. dxc5 Qxc5 13. Bxh7+ Kxh7 14. Qh5+ Kg8 15. Ne4 Qb5 16. Ng5 Rfe8 17. Qxf7+ Kh8 18. Qh5+ Kg8 19. Qf7+ Kh8 20. Qh5+ 1/2-1/2